000 00332nam a22001457a 4500
008 210322b ||||| |||| 00| 0 eng d
020 _a9781133940609
041 _aeng
080 _210th
_a330.722.6
082 _a330.722.6
100 _a62
101 _aKM
245 _aManagerial Accounting
_cCrosson, S. V
942 _2udc
_cBK
999 _c56671
_d56671